| 000 | 00989cam a2200277 a 4500 | ||
|---|---|---|---|
| 999 |
_c128994 _d128994 |
||
| 001 | 1632954 | ||
| 003 | ARRUPE | ||
| 005 | 20190214090829.0 | ||
| 008 | 960124s1996 mnu b 000 0 eng | ||
| 010 | _a 96003214 | ||
| 020 | _a0800626664 (alk. paper) | ||
| 040 |
_aDLC _cDLC _dDLC |
||
| 050 | 0 | 0 |
_aBV4012.2 _b.V25 1996 |
| 082 | 0 | 0 |
_a253.5 _220 |
| 100 | 1 |
_aVan Beek, Aart. _944624 |
|
| 245 | 1 | 0 |
_aCross-cultural counseling / _cAart M. van Beek. |
| 260 |
_aMinneapolis : _bFortress Press, _cc1996. |
||
| 300 |
_a108 p. ; _c22 cm. |
||
| 440 | 0 |
_aCreative pastoral care and counseling series _944625 |
|
| 504 | _aIncludes bibliographical references (p. 105-108). | ||
| 650 | 0 |
_aPastoral counseling. _944626 |
|
| 650 | 0 |
_aCross-cultural counseling. _944627 |
|
| 906 |
_a7 _bcbc _corignew _d1 _eocip _f19 _gy-gencatlg |
||
| 942 |
_2lcc _cMONOGRAPH |
||